| 000 | 00658nam a2200217 a 4500 | ||
|---|---|---|---|
| 001 | BRCA_8051 | ||
| 005 | 20190320210118.0 | ||
| 008 | 280314s1926----sp-a###f##---#001-0#spa-# | ||
| 041 | _aspa | ||
| 044 | _asp | ||
| 050 | 4 |
_aN5277 _b.C65 1926 |
|
| 245 | 1 | 0 |
_aLa colección Lázaro _b1ra. parte ; 520 objetos reproducidos _cWilliam Ruck ... [et al.]. |
| 260 |
_aMadrid _bLa España Moderna _c1926 |
||
| 300 |
_a495 p. _bil., 520 láminas _c24 cm. |
||
| 500 | _aVer también F25 (2a. parte) | ||
| 500 | _aY46 | ||
| 650 | 1 | 4 |
_aArtes decorativas _vColeccionistas y colecciones _zEspaña _914160 |
| 700 | 1 |
_aRuck, William _914159 |
|
| 902 | _aGFM | ||
| 942 |
_2lcc _cB |
||
| 999 |
_c7719 _d7719 |
||